Confederación Española de Familias de Personas Sordas

Biblioteca

Vista normal Vista MARC
  • Sociedad Española de Otorrinolaringología y de Patología Cérvico-Facial

Entrada Nombre corporativo

Número de registros utilizados en: 1

001 - NÚMERO DE CONTROL

  • campo de control: 2069

003 - IDENTIFICADOR DEL NÚMERO DE CONTROL

  • campo de control: ES-MaFIAP

005 - FECHA Y HORA DE LA ÚLTIMA TRANSACCIÓN

  • campo de control: 20231212120649.0

008 - DATOS DE LONGITUD FIJA

  • campo de control de longitud fija: 231212|| aca||aabn | a|a d

040 ## - FUENTE DE LA CATALOGACIÓN

  • Centro catalogador/agencia de origen: ES-MaFIAP
  • Centro/agencia transcriptor: ES-MaFIAP

110 ## - ENCABEZAMIENTO-NOMBRE DE ENTIDAD CORPORATIVA

  • Nombre de entidad corporativa o nombre de jurisdicción como elemento de entrada: Sociedad Española de Otorrinolaringología y de Patología Cérvico-Facial
  • Unidad subordinada: Congreso Nacional
  • Número del congreso/reunión o número de parte o sección: (14º.
  • Fecha del congreso o de la firma del tratado: 1990.
  • Sede del congreso/Lugar de la reunión: Santander)

670 ## - FUENTE DE DATOS ENCONTRADOS

  • Cita de la fuente: Work cat.: (ES-MaFIAP)789: Sociedad Española de Otorrinolaringología y de Patología Cérvico-Facial Congreso Nacional (14º. 1990. Santander), Implantes cocleares , D.L. 1990

Esta web es posible gracias a:

Ministerio de Asuntos Sociales y Agenda 2030 Ministerio de Asuntos Sociales y Agenda 2030 Fundación ONCE

© FIAPAS 2015 | Servicio Telesor Aviso Legal y Política de Privacidad | Política de cookies | Acerca de FIAPAS
Confederación Española de Familias de Personas Sordas - C/ Pantoja, 5 (Local) – 28002 Madrid – / Tel: 91 576 51 49 – Fax: 91 576 57 46

Con tecnología Koha